[Event "Aarhus international"]
[Site "Aarhus"]
[Date "1993.??.??"]
[Round "5"]
[White "Boe, Mads"]
[Black "Rasmussen, Karsten"]
[Result "1/2-1/2"]
[WhiteElo "2275"]
[BlackElo "2440"]
[PlyCount "56"]
[EventDate "1993.??.??"]
[EventType "tourn"]
[EventRounds "9"]
[EventCountry "DEN"]
[EventCategory "2"]
[SourceTitle "EXT 1998"]
[Source "ChessBase"]
[SourceDate "1997.11.17"]

1. e4 d5 2. exd5 Nf6 3. d4 Nxd5 4. Nf3 Bg4 5. Be2 Nc6 6. O-O e6 7. c4 Nb6 8.
Nc3 Be7 9. d5 exd5 10. cxd5 Nb4 11. Qd4 Bxf3 12. Bxf3 O-O 13. Qd1 Qd7 14. Qb3
a5 15. a3 a4 16. Qd1 Na6 17. Qc2 Nc5 18. Be3 Nb3 19. Rad1 Nc4 20. Bd4 Rad8 21.
Be2 c5 22. Bxc5 Nxb2 23. Bxe7 Nxd1 24. Bxf8 Nxc3 25. Qxc3 Rxf8 26. Qb4 Qxd5 27.
Rd1 Qe5 28. Qxa4 Qxe2 1/2-1/2

[Event "Aarhus international"]
[Site "Aarhus"]
[Date "1993.??.??"]
[Round "3"]
[White "Boe, Mads"]
[Black "Hastings, Jonathan"]
[Result "1-0"]
[WhiteElo "2275"]
[BlackElo "2215"]
[PlyCount "77"]
[EventDate "1993.??.??"]
[EventType "tourn"]
[EventRounds "9"]
[EventCountry "DEN"]
[EventCategory "2"]
[SourceTitle "EXT 1998"]
[Source "ChessBase"]
[SourceDate "1997.11.17"]

1. e4 c6 2. d4 d5 3. Nc3 g6 4. Nf3 Bg7 5. h3 dxe4 6. Nxe4 Nd7 7. Bc4 Ngf6 8.
Nxf6+ Nxf6 9. c3 O-O 10. O-O Nd5 11. Re1 Qc7 12. Bg5 e6 13. Qd2 f6 14. Bh4 Re8
15. Bg3 Qf7 16. Bb3 Bf8 17. a3 Bd7 18. Re2 Rac8 19. c4 Nc7 20. Qa5 Na6 21. c5
Ra8 22. Rae1 Kh8 23. Bc4 Bc8 24. Nd2 Qd7 25. Ne4 Kg7 26. Qc3 Nc7 27. Nd6 Bxd6
28. Bxd6 Nd5 29. Qf3 Qf7 30. g4 Bd7 31. Qg3 h6 32. f4 f5 33. gxf5 Qxf5 34. Bd3
Qf7 35. Rg2 Ne7 36. Bxe7 Rxe7 37. Qh4 g5 38. fxg5 Qf3 39. gxh6+ 1-0

[Event "Aarhus international"]
[Site "Aarhus"]
[Date "1993.??.??"]
[Round "1"]
[White "Boe, Mads"]
[Black "Summerscale, Aaron"]
[Result "1/2-1/2"]
[WhiteElo "2275"]
[BlackElo "2345"]
[PlyCount "124"]
[EventDate "1993.??.??"]
[EventType "tourn"]
[EventRounds "9"]
[EventCountry "DEN"]
[EventCategory "2"]
[SourceTitle "EXT 1998"]
[Source "ChessBase"]
[SourceDate "1997.11.17"]

1. e4 e5 2. Nf3 d6 3. d4 Nf6 4. dxe5 Nxe4 5. Qd5 Nc5 6. Bg5 Qd7 7. Nc3 c6 8.
Qd2 dxe5 9. Nxe5 Qxd2+ 10. Bxd2 Nbd7 11. Nxd7 Bxd7 12. O-O-O Be6 13. Be3 Be7
14. Be2 O-O 15. Rhe1 Rfd8 16. f4 Kf8 17. Bf3 Nd7 18. a3 Nb6 19. Bd4 Rd7 20. g3
Nc4 21. Ne4 Rad8 22. Bc5 Rxd1+ 23. Bxd1 Rd7 24. Bxe7+ Rxe7 25. Nc5 Bc8 26. Rxe7
Kxe7 27. Be2 Nd6 28. Bd3 b6 29. Ne4 Nf5 30. b4 Nd4 31. h4 Bf5 32. Kd2 Bg6 33.
Ke3 Nf5+ 34. Kf2 f6 35. c3 Nh6 36. Ke3 Ng4+ 37. Kf3 Bh5 38. Kg2 Ne3+ 39. Kh3
Nd5 40. c4 Ne3 41. Nf2 Bf3 42. g4 Nd1 43. Nxd1 Bxd1 44. Bxh7 Kd6 45. Kg3 Be2
46. g5 Bxc4 47. Kf3 Bd5+ 48. Kg4 fxg5 49. fxg5 Ke5 50. h5 c5 51. bxc5 bxc5 52.
h6 gxh6 53. gxh6 Kf6 54. Kf4 Bb3 55. Be4 Be6 56. Bc2 Bf7 57. h7 Kg7 58. Ke5 Ba2
59. Be4 Bb3 60. Bf5 Kh8 61. Be4 Kg7 62. Bd5 Bc2 1/2-1/2

[Event "Aarhus international"]
[Site "Aarhus"]
[Date "1993.??.??"]
[Round "4"]
[White "Hastings, Jonathan"]
[Black "Summerscale, Aaron"]
[Result "0-1"]
[WhiteElo "2215"]
[BlackElo "2345"]
[PlyCount "112"]
[EventDate "1993.??.??"]
[EventType "tourn"]
[EventRounds "9"]
[EventCountry "DEN"]
[EventCategory "2"]
[SourceTitle "EXT 1998"]
[Source "ChessBase"]
[SourceDate "1997.11.17"]

1. e4 e5 2. Nc3 d6 3. Bc4 Nc6 4. d3 Na5 5. f4 Nxc4 6. dxc4 Be6 7. Qd3 g6 8. Nf3
Bg7 9. O-O h6 10. Re1 Ne7 11. Nd5 Qd7 12. Bd2 Nc6 13. Bc3 O-O 14. Rad1 Rae8 15.
b4 Bg4 16. fxe5 Bxf3 17. Qxf3 Nxe5 18. Nf6+ Bxf6 19. Qxf6 Qe6 20. Qxe6 Rxe6 21.
c5 dxc5 22. bxc5 Rfe8 23. Rb1 b6 24. cxb6 axb6 25. Rb4 Ra8 26. a4 c5 27. Rbb1
Nc4 28. Ra1 Rae8 29. e5 Nxe5 30. Bxe5 Rxe5 31. Rxe5 Rxe5 32. a5 bxa5 33. Rxa5
Rf5 34. g4 Rf4 35. Rxc5 Rxg4+ 36. Kf2 Kg7 37. Rc6 Rf4+ 38. Kg3 Rf6 39. Rc8 Ra6
40. Rc7 h5 41. Kf3 Ra3+ 42. Kf2 g5 43. Rc5 Kg6 44. Kg2 g4 45. Kf2 h4 46. Rd5
Rc3 47. Rd2 f5 48. Kg2 f4 49. Kf2 Kf5 50. Kg2 f3+ 51. Kg1 g3 52. Kf1 Ke4 53.
Kg1 f2+ 54. Kf1 Re3 55. hxg3 hxg3 56. Re2 g2+ 0-1

[Event "Aarhus international"]
[Site "Aarhus"]
[Date "1993.??.??"]
[Round "9"]
[White "Hastings, Jonathan"]
[Black "Jacobsen, Bo"]
[Result "1/2-1/2"]
[WhiteElo "2215"]
[BlackElo "2250"]
[PlyCount "100"]
[EventDate "1993.??.??"]
[EventType "tourn"]
[EventRounds "9"]
[EventCountry "DEN"]
[EventCategory "2"]
[SourceTitle "EXT 1998"]
[Source "ChessBase"]
[SourceDate "1997.11.17"]

1. e4 e5 2. Nc3 Nc6 3. Bc4 d6 4. d3 Na5 5. f4 Ne7 6. Nf3 Nxc4 7. dxc4 exf4 8.
Bxf4 Ng6 9. Bg3 Be7 10. Nd5 Be6 11. O-O O-O 12. Qd3 Qd7 13. Rae1 Rae8 14. b3 b6
15. e5 dxe5 16. Nxe5 Bc5+ 17. Kh1 Nxe5 18. Bxe5 c6 19. Qg3 Bg4 20. Ne3 Bxe3 21.
Rxe3 f6 22. Bc3 Rxe3 23. Qxe3 Bf5 24. Qf2 Be4 25. Re1 Re8 26. Qe2 Qf5 27. Kg1
h5 28. Qf2 Qg6 29. Bb2 Bxc2 30. Rxe8+ Qxe8 31. h3 Bg6 32. Bd4 Qe4 33. Kh2 Kh7
34. c5 b5 35. Qd2 Bf7 36. b4 Bd5 37. a3 h4 38. Qf2 Kg8 39. Bb2 Kf7 40. Kg1 a6
41. Kh2 Qd3 42. Qxh4 Qe2 43. Qg4 Qxg4 44. hxg4 Be4 45. Kg3 Ke6 46. g5 fxg5 47.
Bxg7 Kd5 48. Bf6 a5 49. bxa5 Kxc5 50. Bxg5 Kc4 1/2-1/2

[Event "Aarhus international"]
[Site "Aarhus"]
[Date "1993.??.??"]
[Round "2"]
[White "Hastings, Jonathan"]
[Black "Steckner, Johannes"]
[Result "0-1"]
[WhiteElo "2215"]
[BlackElo "2310"]
[PlyCount "110"]
[EventDate "1993.??.??"]
[EventType "tourn"]
[EventRounds "9"]
[EventCountry "DEN"]
[EventCategory "2"]
[SourceTitle "EXT 1998"]
[Source "ChessBase"]
[SourceDate "1997.11.17"]

1. e4 e6 2. d4 d5 3. e5 c5 4. c3 Nc6 5. Be3 Bd7 6. f4 Qb6 7. Qd2 cxd4 8. Bxd4
Nxd4 9. cxd4 Bb4 10. Nc3 Rc8 11. Nf3 Ne7 12. Be2 Qa5 13. Rc1 Bxc3 14. bxc3 Bb5
15. Bxb5+ Qxb5 16. Kf2 b6 17. Rb1 Qa5 18. Rhc1 O-O 19. Qb2 Rc7 20. Rc2 Rfc8 21.
Rbc1 Qa6 22. Ke3 Nf5+ 23. Kd2 h5 24. Rb1 Rc4 25. Qb3 Qa5 26. Kd3 b5 27. Rbb2 a6
28. a3 Ne7 29. g3 R8c7 30. Ra2 Nc8 31. Ra1 Nb6 32. Rac1 Ra4 33. Ra1 Rc6 34. Nd2
Nc4 35. Rca2 Qc7 36. Rc1 f6 37. exf6 gxf6 38. Ke2 e5 39. Nxc4 Raxc4 40. Qc2
exd4 41. Qg6+ Kf8 42. Qh6+ Qg7 43. Qxh5 Qf7 44. Qh8+ Qg8 45. Qxg8+ Kxg8 46. Rd2
a5 47. Rb1 dxc3 48. Rxd5 b4 49. axb4 axb4 50. Rb5 Rd4 51. Rc1 c2 52. Rb7 Rc3
53. f5 b3 54. Rb6 Rcd3 55. Rb8+ Rd8 0-1

[Event "Aarhus international"]
[Site "Aarhus"]
[Date "1993.??.??"]
[Round "6"]
[White "Jacobsen, Bo"]
[Black "Boe, Mads"]
[Result "1/2-1/2"]
[WhiteElo "2250"]
[BlackElo "2275"]
[PlyCount "86"]
[EventDate "1993.??.??"]
[EventType "tourn"]
[EventRounds "9"]
[EventCountry "DEN"]
[EventCategory "2"]
[SourceTitle "EXT 1998"]
[Source "ChessBase"]
[SourceDate "1997.11.17"]

1. g3 f5 2. Bg2 Nf6 3. Nf3 g6 4. O-O Bg7 5. d3 d6 6. Nc3 O-O 7. e4 fxe4 8. dxe4
e5 9. h3 Kh8 10. Be3 Nc6 11. Qd2 Be6 12. Rad1 Nh5 13. Kh2 b6 14. Bh6 Nf6 15.
Bxg7+ Kxg7 16. Ng5 Bd7 17. f4 Qe7 18. Nd5 Qd8 19. f5 Nxd5 20. exd5 Nd4 21. fxg6
Rxf1 22. Rxf1 hxg6 23. g4 Kg8 24. c3 Ne2 25. Nf7 Qh4 26. Qxe2 Rf8 27. Qf3 Be8
28. Qg3 Qxg3+ 29. Kxg3 Rxf7 30. Kh4 Bb5 31. Rxf7 Kxf7 32. Kg5 Bd3 33. a3 a5 34.
b4 Kg7 35. h4 Kf7 36. h5 Kg7 37. h6+ Kh7 38. Bh1 e4 39. Kf4 Kxh6 40. bxa5 bxa5
41. Bg2 g5+ 42. Ke3 Kg7 43. Bxe4 Bb5 1/2-1/2

[Event "Aarhus international"]
[Site "Aarhus"]
[Date "1993.??.??"]
[Round "3"]
[White "Jacobsen, Bo"]
[Black "Ward, Christopher"]
[Result "0-1"]
[WhiteElo "2250"]
[BlackElo "2430"]
[PlyCount "67"]
[EventDate "1993.??.??"]
[EventType "tourn"]
[EventRounds "9"]
[EventCountry "DEN"]
[EventCategory "2"]
[SourceTitle "EXT 1998"]
[Source "ChessBase"]
[SourceDate "1997.11.17"]

1. g3 c5 2. Bg2 Nc6 3. c4 g6 4. Nc3 Bg7 5. d3 e6 6. h4 h6 7. Bd2 Nge7 8. Rb1
Rb8 9. a3 a5 10. e4 d6 11. Nge2 Ne5 12. Qc2 N7c6 13. Nb5 O-O 14. O-O f5 15.
exf5 gxf5 16. Rbe1 Ng6 17. h5 Nge7 18. Nf4 e5 19. Nd5 f4 20. gxf4 Nf5 21. fxe5
Nxe5 22. Re4 Bd7 23. Bc3 Kh8 24. f4 Ng4 25. Bxg7+ Kxg7 26. Bh3 Nf6 27. Nxf6
Qxf6 28. Kh2 Bxb5 29. cxb5 Nd4 30. Qf2 Kh8 31. b6 Rg8 32. Rfe1 Qf7 33. Qh4 Rg7
34. Rg1 0-1

[Event "Aarhus international"]
[Site "Aarhus"]
[Date "1993.??.??"]
[Round "8"]
[White "Jacobsen, Bo"]
[Black "Kristensen, Leif Sogaard"]
[Result "0-1"]
[WhiteElo "2250"]
[BlackElo "2310"]
[PlyCount "87"]
[EventDate "1993.??.??"]
[EventType "tourn"]
[EventRounds "9"]
[EventCountry "DEN"]
[EventCategory "2"]
[SourceTitle "EXT 1998"]
[Source "ChessBase"]
[SourceDate "1997.11.17"]

1. g3 g6 2. Bg2 Bg7 3. e4 c5 4. d3 Nc6 5. f4 d6 6. Nf3 e5 7. fxe5 dxe5 8. O-O
Nge7 9. Bg5 Be6 10. c4 f6 11. Be3 Nd4 12. Nc3 Nec6 13. Nd5 O-O 14. Qd2 Rf7 15.
Rf2 Nxf3+ 16. Rxf3 Nd4 17. Rf2 Qf8 18. Raf1 Kh8 19. Kh1 b6 20. h4 Bg4 21. Kh2
Qd6 22. b4 Raf8 23. bxc5 bxc5 24. Bh3 Bxh3 25. Kxh3 f5 26. Bxd4 cxd4 27. exf5
gxf5 28. Qg5 Bh6 29. Qh5 Qe6 30. Kh2 Be3 31. Rf3 f4 32. g4 e4 33. dxe4 Qxe4 34.
g5 Rb7 35. Qg4 Rb2+ 36. Kh1 Re2 37. h5 Qc2 38. Qh3 Qxc4 39. Nxf4 Bxf4 40. Rxf4
Rxf4 41. Rxf4 Re1+ 42. Kg2 Qxa2+ 43. Rf2 Qd5+ 44. Qf3 0-1

[Event "Aarhus international"]
[Site "Aarhus"]
[Date "1993.??.??"]
[Round "7"]
[White "Kristensen, Leif Sogaard"]
[Black "Rasmussen, Karsten"]
[Result "1/2-1/2"]
[WhiteElo "2310"]
[BlackElo "2440"]
[PlyCount "49"]
[EventDate "1993.??.??"]
[EventType "tourn"]
[EventRounds "9"]
[EventCountry "DEN"]
[EventCategory "2"]
[SourceTitle "EXT 1998"]
[Source "ChessBase"]
[SourceDate "1997.11.17"]

1. e4 c6 2. d4 d5 3. e5 Bf5 4. h4 h5 5. c4 e6 6. Nc3 Ne7 7. Bg5 dxc4 8. Bxc4
Nd7 9. Nge2 f6 10. exf6 gxf6 11. Be3 Nb6 12. Bb3 Ned5 13. Ng3 Nxe3 14. fxe3 Bg4
15. Qd3 Qc7 16. Qg6+ Qf7 17. Qxf7+ Kxf7 18. O-O Bh6 19. Kf2 Nd5 20. Nxd5 cxd5
21. Bd1 Bf8 22. Bf3 Bd6 23. Ne2 Rac8 24. Rac1 Bxf3 25. gxf3 1/2-1/2

[Event "Aarhus international"]
[Site "Aarhus"]
[Date "1993.??.??"]
[Round "5"]
[White "Kristensen, Leif Sogaard"]
[Black "Hastings, Jonathan"]
[Result "0-1"]
[WhiteElo "2310"]
[BlackElo "2215"]
[PlyCount "70"]
[EventDate "1993.??.??"]
[EventType "tourn"]
[EventRounds "9"]
[EventCountry "DEN"]
[EventCategory "2"]
[SourceTitle "EXT 1998"]
[Source "ChessBase"]
[SourceDate "1997.11.17"]

1. e4 c6 2. d4 d5 3. e5 g6 4. c4 Be6 5. b3 Bg7 6. Nc3 dxc4 7. bxc4 c5 8. d5
Bxe5 9. Bb2 Bf5 10. h3 Bg7 11. Qd2 Nf6 12. g4 Bc8 13. Bg2 h5 14. g5 Nfd7 15. f4
Nb6 16. Qe2 O-O 17. O-O-O Qd7 18. Nf3 Qf5 19. Nd2 Qxf4 20. Ba1 Qxg5 21. Rhg1
Qe5 22. Qf3 Qf6 23. Qe3 Qd4 24. Qxe7 Nxc4 25. Nxc4 Qxc4 26. Bf1 Qf4+ 27. Kc2
Bf5+ 28. Bd3 Bxd3+ 29. Kxd3 Na6 30. a3 Rae8 31. Qd7 Re3+ 32. Kc2 Qf2+ 33. Kb3
b5 34. a4 c4+ 35. Ka3 b4# 0-1

[Event "Aarhus international"]
[Site "Aarhus"]
[Date "1993.??.??"]
[Round "8"]
[White "Rasmussen, Karsten"]
[Black "Hastings, Jonathan"]
[Result "1/2-1/2"]
[WhiteElo "2440"]
[BlackElo "2215"]
[PlyCount "92"]
[EventDate "1993.??.??"]
[EventType "tourn"]
[EventRounds "9"]
[EventCountry "DEN"]
[EventCategory "2"]
[SourceTitle "EXT 1998"]
[Source "ChessBase"]
[SourceDate "1997.11.17"]

1. c4 e6 2. Nf3 Nf6 3. g3 d5 4. b3 Bd6 5. Bb2 Nbd7 6. Bg2 c6 7. cxd5 exd5 8.
O-O O-O 9. d3 Re8 10. Re1 Qc7 11. Nbd2 Ne5 12. Qc2 Bg4 13. h3 Bxf3 14. Nxf3
Nxf3+ 15. Bxf3 Be5 16. e4 dxe4 17. dxe4 Rad8 18. Bg2 Qa5 19. Re2 h5 20. h4 Ng4
21. Bxe5 Nxe5 22. Kh1 Rd4 23. f4 Ng4 24. e5 Red8 25. e6 fxe6 26. Rae1 Rd2 27.
Qc4 Rxe2 28. Qxe2 Qxe1+ 29. Qxe1 Rd1 30. Qxd1 Nf2+ 31. Kg1 Nxd1 32. Bf3 Nc3 33.
Bxh5 Nxa2 34. Kf2 Nc1 35. Bd1 Kf7 36. Ke3 Kf6 37. g4 Na2 38. g5+ Ke7 39. h5 Nb4
40. Kd4 c5+ 41. Kxc5 Nd3+ 42. Kb5 Nxf4 43. Bf3 Nd5 44. Bxd5 exd5 45. Kc5 a5 46.
Kxd5 b5 1/2-1/2

[Event "Aarhus international"]
[Site "Aarhus"]
[Date "1993.??.??"]
[Round "2"]
[White "Rasmussen, Karsten"]
[Black "Jacobsen, Bo"]
[Result "1/2-1/2"]
[WhiteElo "2440"]
[BlackElo "2250"]
[PlyCount "138"]
[EventDate "1993.??.??"]
[EventType "tourn"]
[EventRounds "9"]
[EventCountry "DEN"]
[EventCategory "2"]
[SourceTitle "EXT 1998"]
[Source "ChessBase"]
[SourceDate "1997.11.17"]

1. d4 Nf6 2. Nc3 g6 3. e4 d6 4. Be3 Bg7 5. Qd2 a6 6. Bh6 Bxh6 7. Qxh6 e5 8.
dxe5 dxe5 9. Nf3 Qe7 10. Bc4 b5 11. Bb3 b4 12. Nd5 Nxd5 13. Bxd5 c6 14. Bb3 f6
15. Nd2 Ra7 16. O-O Be6 17. Bxe6 Qxe6 18. a3 Qe7 19. Nc4 Rd7 20. axb4 Qxb4 21.
b3 Qf8 22. Qe3 Qe7 23. f4 exf4 24. Rxf4 O-O 25. Raf1 Rdd8 26. Qb6 Rde8 27. h3
Qe6 28. Kh1 Nd7 29. Qa5 Re7 30. Nb6 Nb8 31. Na4 Nd7 32. Qxa6 g5 33. R4f2 Qxe4
34. Nc3 Qe6 35. Re2 Ne5 36. Ne4 h6 37. Ng3 f5 38. Rfe1 Qd6 39. Qa5 c5 40. Qc3
Nc6 41. Rxe7 Nxe7 42. Qe5 Qxe5 43. Rxe5 f4 44. Ne4 Ng6 45. Rxc5 f3 46. gxf3
Rxf3 47. Rc3 Rf1+ 48. Kg2 Re1 49. Rc8+ Kf7 50. Rc7+ Kf8 51. Nd6 Nf4+ 52. Kg3
Rg1+ 53. Kh2 Rg2+ 54. Kh1 Rd2 55. Nf5 h5 56. h4 g4 57. b4 Ng2 58. Rc8+ Kf7 59.
Nd6+ Kg6 60. Ne4 Re2 61. Rc6+ Kf7 62. Ng3 Rd2 63. Ne4 Re2 64. Ng5+ Ke7 65. Re6+
Rxe6 66. Nxe6 Nxh4 67. Nf4 Nf5 68. Nxh5 Ne3 69. c3 Nd5 1/2-1/2

[Event "Aarhus international"]
[Site "Aarhus"]
[Date "1993.??.??"]
[Round "4"]
[White "Rasmussen, Karsten"]
[Black "Steckner, Johannes"]
[Result "1-0"]
[WhiteElo "2440"]
[BlackElo "2310"]
[PlyCount "81"]
[EventDate "1993.??.??"]
[EventType "tourn"]
[EventRounds "9"]
[EventCountry "DEN"]
[EventCategory "2"]
[SourceTitle "EXT 1998"]
[Source "ChessBase"]
[SourceDate "1997.11.17"]

1. e4 d5 2. exd5 Qxd5 3. Nc3 Qa5 4. Bc4 Nf6 5. Nge2 Bg4 6. d4 Nc6 7. f3 Bf5 8.
Bd2 O-O-O 9. Nd5 Qa4 10. Bb3 Qa6 11. Ne3 Be6 12. c3 Bxb3 13. axb3 Qb6 14. O-O
a6 15. Qc2 e5 16. Nc4 Qa7 17. Be3 Nd5 18. Bf2 exd4 19. Qf5+ Kb8 20. Rfd1 Ne3
21. Nxd4 Qxd4 22. Nxe3 Qb6 23. b4 f6 24. Rxd8+ Nxd8 25. Rd1 Nf7 26. Qd7 Nd6 27.
Qd8+ Nc8 28. Rd7 Bc5 29. Qxh8 Bxe3 30. Rd8 Bxf2+ 31. Kf1 Qe3 32. Rxc8+ Ka7 33.
Qe8 Qxe8 34. Rxe8 Bh4 35. Re7 Kb6 36. Rxg7 Bg5 37. Rxh7 Bc1 38. b3 Bd2 39. c4
Bxb4 40. h4 Bd6 41. Rf7 1-0

[Event "Aarhus international"]
[Site "Aarhus"]
[Date "1993.??.??"]
[Round "1"]
[White "Rasmussen, Karsten"]
[Black "Ward, Christopher"]
[Result "1-0"]
[WhiteElo "2440"]
[BlackElo "2430"]
[PlyCount "53"]
[EventDate "1993.??.??"]
[EventType "tourn"]
[EventRounds "9"]
[EventCountry "DEN"]
[EventCategory "2"]
[SourceTitle "EXT 1998"]
[Source "ChessBase"]
[SourceDate "1997.11.17"]

1. d4 e6 2. e4 d5 3. Nd2 Nf6 4. e5 Nfd7 5. c3 c5 6. Bd3 b6 7. Ne2 Ba6 8. Bxa6
Nxa6 9. Nf4 cxd4 10. cxd4 Nb4 11. O-O Be7 12. Qg4 g6 13. Nf3 h5 14. Qg3 g5 15.
Nxg5 Bxg5 16. Nxe6 fxe6 17. Bxg5 Rg8 18. f4 Nf8 19. Qc3 Rxg5 20. fxg5 a5 21. a3
Na6 22. Rf6 Nb8 23. Raf1 Nbd7 24. Qc6 Ke7 25. Rf7+ Ke8 26. Rxf8+ Ke7 27. R1f7#
1-0

[Event "Aarhus international"]
[Site "Aarhus"]
[Date "1993.??.??"]
[Round "8"]
[White "Steckner, Johannes"]
[Black "Boe, Mads"]
[Result "0-1"]
[WhiteElo "2310"]
[BlackElo "2275"]
[PlyCount "68"]
[EventDate "1993.??.??"]
[EventType "tourn"]
[EventRounds "9"]
[EventCountry "DEN"]
[EventCategory "2"]
[SourceTitle "EXT 1998"]
[Source "ChessBase"]
[SourceDate "1997.11.17"]

1. d4 f5 2. g3 Nf6 3. Bg2 e6 4. Nf3 Be7 5. O-O O-O 6. c4 d5 7. b3 c6 8. Ba3
Bxa3 9. Nxa3 Bd7 10. Qc2 Qe7 11. Qb2 Be8 12. Nc2 Bh5 13. Nce1 Nbd7 14. Nd3 Ne4
15. Nfe5 g5 16. Nxd7 Qxd7 17. f4 h6 18. Ne5 Qg7 19. Qc2 Rac8 20. c5 Nf6 21. e3
Be8 22. Qd2 Qh7 23. b4 Rc7 24. a4 Rg7 25. fxg5 Rxg5 26. Rab1 a6 27. Qf2 Kh8 28.
Qf4 Nh5 29. Qf2 Rfg8 30. Kh1 f4 31. exf4 Nxg3+ 32. hxg3 Rxg3 33. Rg1 Qf5 34.
Rb2 Qh5+ 0-1

[Event "Aarhus international"]
[Site "Aarhus"]
[Date "1993.??.??"]
[Round "5"]
[White "Steckner, Johannes"]
[Black "Jacobsen, Bo"]
[Result "0-1"]
[WhiteElo "2310"]
[BlackElo "2250"]
[PlyCount "76"]
[EventDate "1993.??.??"]
[EventType "tourn"]
[EventRounds "9"]
[EventCountry "DEN"]
[EventCategory "2"]
[SourceTitle "EXT 1998"]
[Source "ChessBase"]
[SourceDate "1997.11.17"]

1. d4 Nf6 2. c4 g6 3. g3 Bg7 4. Bg2 O-O 5. Nc3 d6 6. Nf3 a6 7. O-O c6 8. e4 b5
9. e5 Ne8 10. Qe2 Nc7 11. Re1 d5 12. b3 bxc4 13. bxc4 a5 14. c5 Nba6 15. Na4
Bg4 16. h3 Bxf3 17. Bxf3 f6 18. Nb6 Ra7 19. e6 f5 20. Bb2 Rf6 21. Qd2 Nb8 22.
a4 Nxe6 23. Bc3 f4 24. Bg4 Nf8 25. Bxa5 h5 26. Bd1 Ne6 27. Bc3 Ng5 28. h4 fxg3
29. fxg3 Ne4 30. Rxe4 dxe4 31. d5 Rf5 32. Bxg7 Kxg7 33. Qd4+ Kh7 34. Qxe4 cxd5
35. Qe6 Qh8 36. Nxd5 Qxa1 37. Nxe7 Qxd1+ 38. Kh2 Rf2+ 0-1

[Event "Aarhus international"]
[Site "Aarhus"]
[Date "1993.??.??"]
[Round "1"]
[White "Steckner, Johannes"]
[Black "Kristensen, Leif Sogaard"]
[Result "0-1"]
[WhiteElo "2310"]
[BlackElo "2310"]
[PlyCount "74"]
[EventDate "1993.??.??"]
[EventType "tourn"]
[EventRounds "9"]
[EventCountry "DEN"]
[EventCategory "2"]
[SourceTitle "EXT 1998"]
[Source "ChessBase"]
[SourceDate "1997.11.17"]

1. d4 Nf6 2. c4 g6 3. g3 Bg7 4. Bg2 O-O 5. Nc3 d6 6. Nf3 Nc6 7. d5 Na5 8. b3 c5
9. Bd2 a6 10. O-O b5 11. cxb5 axb5 12. Nxb5 Nxd5 13. Ng5 Bb7 14. Rb1 Qb6 15. a4
Nc7 16. b4 Bxg2 17. bxa5 Qc6 18. Re1 Bd5 19. e4 Bc4 20. Nxc7 Qxc7 21. Qc2 Ba6
22. Rb6 Bb7 23. Qc4 Bc6 24. Reb1 h6 25. Nh3 e5 26. Kg2 Rad8 27. f3 Ba8 28. Be3
Kh7 29. Nf2 f5 30. a6 fxe4 31. fxe4 d5 32. Qxc5 Qf7 33. Qa3 d4 34. Bxd4 exd4
35. R1b2 Bxe4+ 36. Kg1 d3 37. Rd2 Qf3 0-1

[Event "Aarhus international"]
[Site "Aarhus"]
[Date "1993.??.??"]
[Round "7"]
[White "Steckner, Johannes"]
[Black "Ward, Christopher"]
[Result "0-1"]
[WhiteElo "2310"]
[BlackElo "2430"]
[PlyCount "52"]
[EventDate "1993.??.??"]
[EventType "tourn"]
[EventRounds "9"]
[EventCountry "DEN"]
[EventCategory "2"]
[SourceTitle "EXT 1998"]
[Source "ChessBase"]
[SourceDate "1997.11.17"]

1. d4 e6 2. c4 Bb4+ 3. Bd2 a5 4. g3 d6 5. Bg2 e5 6. e3 Nc6 7. Ne2 h5 8. h3 Nf6
9. Nbc3 O-O 10. Qc2 Re8 11. d5 Ne7 12. a3 Bxc3 13. Bxc3 Bd7 14. O-O b5 15. e4
bxc4 16. f4 Ng6 17. f5 Nf8 18. Bf3 c6 19. Rad1 cxd5 20. exd5 N8h7 21. Qd2 Bxf5
22. Bg2 Bd3 23. Kh2 e4 24. Qe3 Nxd5 25. Qf2 Ng5 26. h4 Nf3+ 0-1

[Event "Aarhus international"]
[Site "Aarhus"]
[Date "1993.??.??"]
[Round "9"]
[White "Summerscale, Aaron"]
[Black "Steckner, Johannes"]
[Result "1-0"]
[WhiteElo "2345"]
[BlackElo "2310"]
[PlyCount "29"]
[EventDate "1993.??.??"]
[EventType "tourn"]
[EventRounds "9"]
[EventCountry "DEN"]
[EventCategory "2"]
[SourceTitle "EXT 1998"]
[Source "ChessBase"]
[SourceDate "1997.11.17"]

1. d4 e6 2. Nf3 Nf6 3. e3 c5 4. Bd3 b6 5. O-O Be7 6. b3 Ba6 7. c4 cxd4 8. exd4
d5 9. Bb2 O-O 10. Ne5 Nfd7 11. Nc3 Nxe5 12. dxe5 dxc4 13. Be4 cxb3 14. Bxa8
Bxf1 15. Kxf1 1-0

[Event "Aarhus international"]
[Site "Aarhus"]
[Date "1993.??.??"]
[Round "7"]
[White "Summerscale, Aaron"]
[Black "Jacobsen, Bo"]
[Result "1-0"]
[WhiteElo "2345"]
[BlackElo "2250"]
[PlyCount "49"]
[EventDate "1993.??.??"]
[EventType "tourn"]
[EventRounds "9"]
[EventCountry "DEN"]
[EventCategory "2"]
[SourceTitle "EXT 1998"]
[Source "ChessBase"]
[SourceDate "1997.11.17"]

1. d4 Nf6 2. Nf3 d6 3. Nc3 g6 4. e4 Bg7 5. Be3 O-O 6. Qd2 Nc6 7. O-O-O Bg4 8.
Be2 Re8 9. h3 Bxf3 10. Bxf3 e5 11. dxe5 dxe5 12. Qxd8 Nxd8 13. Be2 c6 14. g4
Ne6 15. g5 Nh5 16. Bxh5 gxh5 17. Ne2 h4 18. Ng1 f6 19. Nf3 fxg5 20. Nxg5 Nd4
21. c3 Ne2+ 22. Kc2 Nf4 23. Rd7 b6 24. Bxf4 exf4 25. Rg1 1-0

[Event "Aarhus international"]
[Site "Aarhus"]
[Date "1993.??.??"]
[Round "6"]
[White "Ward, Christopher"]
[Black "Hastings, Jonathan"]
[Result "1-0"]
[WhiteElo "2430"]
[BlackElo "2215"]
[PlyCount "85"]
[EventDate "1993.??.??"]
[EventType "tourn"]
[EventRounds "9"]
[EventCountry "DEN"]
[EventCategory "2"]
[SourceTitle "EXT 1998"]
[Source "ChessBase"]
[SourceDate "1997.11.17"]

1. d4 Nf6 2. c4 e6 3. Nc3 Bb4 4. g3 O-O 5. Bg2 d5 6. Nf3 c6 7. O-O Nbd7 8. Qb3
Bd6 9. Bf4 Qc7 10. e3 dxc4 11. Qxc4 e5 12. dxe5 Nxe5 13. Nxe5 Bxe5 14. Nb5 Qe7
15. Nd4 Bxf4 16. gxf4 Rd8 17. Rac1 Nd5 18. Nb3 Be6 19. Qc5 Qf6 20. Qa3 Qh4 21.
Nc5 Bh3 22. Ne4 Bxg2 23. Kxg2 Qg4+ 24. Ng3 h5 25. h3 Qg6 26. f5 Qg5 27. h4 Qxh4
28. Rh1 Qf6 29. Rxh5 g6 30. Rh6 Qg7 31. Rch1 Nf6 32. Qe7 Ng4 33. Rh8+ Qxh8 34.
Rxh8+ Kxh8 35. Qh4+ Kg7 36. Qxg4 Rd5 37. e4 Rb5 38. b3 Ra5 39. fxg6 fxg6 40.
Qd7+ Kh6 41. Qd2+ Rg5 42. e5 Rf8 43. e6 1-0